Al servicio de su majestad imperial : un oficial de húsares en México

Saved in:
Other Authors: Escandón, Patricia, (selección)
Format: Book
Language:Spanish
Published: México : Instituto Mora, 2004.
Edition:1a. ed., 2a. reimpr.
Series:El tiempo vuela.
Subjects:
LEADER 01078Nam#a2200301#a#4500
001 027925
003 AR-BeUNQ
005 20250217100336.0
008 150807r20041992mx ao ### #000|i#spa#d
999 |c 25299  |d 100686 
020 |a 9686382658 
040 |a AR-BeUNQ  |b spa 
082 0 4 |a 972.07  |2 21 
245 0 0 |a Al servicio de su majestad imperial :   |b un oficial de húsares en México  |c [selección de] Patricia Escandón. 
250 |a 1a. ed., 2a. reimpr. 
260 |a México :   |b Instituto Mora,   |c 2004. 
300 |a 47 p. :   |b il., fot. ;   |c 22 cm. 
490 1 |a El tiempo vuela 
500 |a Cartas de Georg Karl Philip Altmann enviadas durante su estancia en México. 
500 |a Incluye cronología, glosario y diccionario histórico. 
504 |a Bibliografía: p. 47. 
650 7 |a Historia  |2 spines 
650 7 |a Correspondencia  |2 ttll 
651 7 |a México  |2 spines 
700 1 |a Escandón, Patricia,   |e selección  |4 oth 
830 3 |a El tiempo vuela. 
929 |a DONACION  |b Margarita Pierini  |d 40,00E  |e 20150604  |f PAT0057904  |g 2820 Exp. 827-0387/98  |j 53418 
942 |c LIB  |n 0